000 00357nam a2200145Ia 4500
008 151213s9999 xx 000 0 und d
100 _aRichard E.
245 _aYeats : The Man and The Masks
_cRichard E.
260 _aLondon
_bFalen and Falen
_c1960
300 _a4464 p.
650 _aCritics
650 _aEnglish
700 _aRichard E.
999 _c2839
_d2839